LEADER 00932nam a2200229 i 4500 001 000000170005 003 CaOOAMICUS 005 20220214151004.0 008 080310s1913 it u000 u ita u 013 $a147410 040 $aSeMil$bita 100 1 $aMantovani, Dino,$d<1862-1913>.$0(OLS)http://semarc/name/63675 245 10$aLetteratura contemporanea /$cDino Mantovani. 250 $a3. edizione accresciuta. 264 1$aTorino :$bS.T.E.N. Società Tipografico Editrice Nazionale,$c1913. 300 $a551 p. ;$c20 cm. 650 4$aLetteratura - Storia - Sec. 19.-20.$0(OLS)http://semarc/subject/15191 850 $aSeMil 852 $aSeMil$W1$xVenegono$y1$m1O I 282$j231622$B120904$CSeMilBibl$Z2$F132239 $81 996 $6245$aLetteratura contemporanea$9(OLS)http://semarc/title/243121 996 $6264$aTorino :$bS.T.E.N. Società Tipografico Editrice Nazionale$9(OLS)http://semarc/publisher/30067 LEADER 00595nab a2200157 i 4500 001 000000274106 003 CaOOAMICUS 005 20101111000000.0 008 101111n xx uu u0 0und r 013 $a22566 040 $aSeMil$bita 100 1 $aGatterer, Alois .$0(OLS)http://semarc/name/90872 245 10$aSpektralreines Eisen. - P. [77]-88, mit drei Tafeln :$btabelle. 500 $a1947/3. 773 0 $t[1937].$dIn Civitate Vaticana : Ex Aedibus Academicis, 1937.$w()132416 996 $6245$aSpektralreines Eisen. - P. [77]-88, mit drei Tafeln :$btabelle.$9(OLS)http://semarc/title/360911